| 000 | 01049nam a2200229Ia 4500 | ||
|---|---|---|---|
| 001 | 17092 | ||
| 005 | 20260330160117.0 | ||
| 008 | 260306t2013||||xx |||||||||||||| ||und|| | ||
| 041 | _aESP | ||
| 082 |
_a657.45 _bV78 V. 1 |
||
| 100 |
_aVizcarra Moscoso, Jaime Ernesto _eAUT |
||
| 245 | 0 | _aNIA - Manual de normas internacionales de auditoría y control de calidad | |
| 260 | _c2013 | ||
| 300 | _c25 cm. | ||
| 650 | _aGEN | ||
| 654 | _aCCO | ||
| 856 |
_uhttps://itmsp.museknowledge.com/UCSP?url=https://www.ebooks7-24.com:443/?il=5725&pg=1 _zVéase además: Revisoría fiscal ejercida con normas internacionales de auditoría y aseguramiento, por Yanel Blanco Luna. Versión digital |
||
| 856 |
_uhttps://0u213uph8-y-https-ebooks7--24-com.itmsp.museknowledge.com/biblioteca.aspx _zVéase además: Base de datos Ebook7-24 |
||
| 856 |
_uhttps://www.legismovil.pe/lnp.asp _zVéase además: Base de datos Legis Móvil |
||
| 856 |
_uhttps://legal.legis.com.pe/home/Corporativo _zVéase además: Base de datos Multilegis |
||
| 942 |
_cLIB _dJUS _fJUS _2ddc |
||
| 999 |
_c17092 _d17092 |
||